| 000 | 00338nam a22001337a 4500 | ||
|---|---|---|---|
| 020 | _qPB. | ||
| 040 | _cFizza Ishaq | ||
| 082 |
_a320.15 _bEDW |
||
| 100 |
_aCarr, Edward. _9134059 |
||
| 245 |
_aThe New Society / _cEdward Carr. |
||
| 260 |
_aNew York : _bBeacon Press, _c1951. |
||
| 300 |
_a118 p, ; _c5.3 x 7.9 .4 inches |
||
| 942 |
_2ddc _cBK |
||
| 999 |
_c616988 _d616988 |
||